| 000 | 00000nam##2200000za#4500 |
| 001 | 9.570829 |
| 003 | CaOODSP |
| 005 | 20210624182429 |
| 007 | cr ||||||||||| |
| 008 | 150406|2008||||xxc|||||o f|0| 0 eng|d |
| 022 | |a1919-5087 |
| 040 | |aCaOODSP|beng |
| 043 | |an-cn--- |
| 086 | 1 |aFs70-6/2008-027E-PDF |
| 110 | 1 |aCanada. |bDepartment of Fisheries and Oceans. |bNational Capital Region. |
| 245 | 10|aEvaluation of captive breeding facilities in the context of their contribution to conservation of biodiversity |h[electronic resource] |
| 246 | 1 |aNational Capital Region - propagation facilities in the context of their contribution to conservation of biodiversity |
| 250 | |aRev. November 2008 |
| 260 | |aOttawa - Ontario : |bFisheries and Oceans Canada. |cJune 2008. |
| 300 | |a14p.|bfigs. (some coloured), graphs, references |
| 490 | 1 |aCanadian Science Advisory Secretariat science advisory report |x1919-5087|v2008/027, National Capital Region |
| 590 | |a11-21-Supp|b2011-09-30 |
| 775 | 08|tÉvaluation des installations d'élevage en captivité dans le contexte de leur contribution à la conservation de la biodiversité |w(CaOODSP)9.601472 |
| 830 | #0|aScience advisory report (Canadian Science Advisory Secretariat)|x1919-5087|v2008/027, National Capital Region|w(CaOODSP)9.506226 |
| 856 | 40|ahttp://publications.gc.ca|qPDF|s309 KB|uhttps://publications.gc.ca/collections/collection_2011/mpo-dfo/Fs70-6-2008-027-eng.pdf|y2008/027, National Capital Region |